Central Library OPAC University of Rajshahi

Charles Evans Hughes and the Supreme Court / (Record no. 47067)

MARC details
000 -LEADER
fixed length control field 00796nam a2200241 a 4500
001 - CONTROL NUMBER
control field 47067
003 - CONTROL NUMBER IDENTIFIER
rucl marc code BD-RjUL
005 - DATE AND TIME OF LATEST TRANSACTION
control field 20211209054244.0
008 - FIXED-LENGTH DATA ELEMENTS--GENERAL INFORMATION
fixed length control field 160807r19681951nyu b 001 0beng
035 ## - SYSTEM CONTROL NUMBER
System control number (BD-RjUL)47186
040 ## - CATALOGING SOURCE
Original cataloging agency DLC
Transcribing agency DLC
Modifying agency DLC
-- BD-RjUL
Language of cataloging eng
041 ## - LANGUAGE CODE
Language code of text/sound track or separate title eng
082 00 - DEWEY DECIMAL CLASSIFICATION NUMBER
Classification number 347.9973
Edition number 23
Author mark and year HEC 1968
100 1# - MAIN ENTRY--PERSONAL NAME
Personal name Hendel, Samuel,
Dates associated with a name 1909-
9 (RLIN) 143355
245 10 - TITLE STATEMENT
Title Charles Evans Hughes and the Supreme Court /
260 ## - PUBLICATION, DISTRIBUTION, ETC. (IMPRINT)
Place of publication, distribution, etc. New York :
Name of publisher, distributor, etc. Russell & Russell,
Date of publication, distribution, etc. c1951, [reprinted 1968]
300 ## - PHYSICAL DESCRIPTION
Pagination xii, 337 p. ;
Size 23 cm.
500 ## - GENERAL NOTE
General note First published in 1951 as thesis, Columbia University.
504 ## - BIBLIOGRAPHY, ETC. NOTE
Bibliography, etc Bibliographical references included in "Notes" (p. [297]-328)
600 ## - SUBJECT ADDED ENTRY--PERSONAL NAME
Personal name Hughes, Charles Evans,
Dates associated with a name 1862-1948.
942 ## - ADDED ENTRY ELEMENTS (KOHA)
Source of classification or shelving scheme Dewey Decimal Classification
Koha item type Books
Holdings
Lost status Source of classification or shelving scheme Damaged status Not for loan Collection code Permanent Location Current Location Shelving location Date acquired Source of acquisition Total Checkouts Full call number Date last seen Copy number Koha item type
  Dewey Decimal Classification     Non-fiction Central Library, University of Rajshahi Central Library, University of Rajshahi   22/07/1985 Asia foundation   347.9973 HEC 1968 07/08/2016 C-2 Books